ՀՀ Գիտությունների ազգային ակադեմիայի հիմնարար գիտական գրադարան  =   Fundamental Scientific Library of NAS RA

Մենք ինչպիսի ժառանգությունից ենք հրաժարվում / (Record no. 184406)

MARC details
000 -LEADER
fixed length control field 00872nam a2200217 a 4500
001 - CONTROL NUMBER
control field 000498824
003 - CONTROL NUMBER IDENTIFIER
control field AM-YeHGA
005 - DATE AND TIME OF LATEST TRANSACTION
control field 20250618072646.0
008 - FIXED-LENGTH DATA ELEMENTS--GENERAL INFORMATION
fixed length control field 060904s1934 ai |||||r|||||||||0|arm|d
040 ## - CATALOGING SOURCE
Original cataloging agency AM-YeHGA
041 1# - LANGUAGE CODE
Language code of text/sound track or separate title arm
090 ## - LOCALLY ASSIGNED LC-TYPE CALL NUMBER (OCLC); LOCAL CALL NUMBER (RLIN)
-- 185861
100 1# - MAIN ENTRY--PERSONAL NAME
Personal name Լենին, Վլադիմիր Իլյիչ,
Dates associated with a name 1870-1924
9 (RLIN) 5803
245 10 - TITLE STATEMENT
Title Մենք ինչպիսի ժառանգությունից ենք հրաժարվում /
Statement of responsibility, etc. Վ.Ի. Լենին ; Թարգմ.՝ Լ. Աբովյան ; Խմբ.՝ Ա. Ադոյան.
260 ## - PUBLICATION, DISTRIBUTION, ETC.
Place of publication, distribution, etc. Յերևան :
Name of publisher, distributor, etc. Կուսհրատ,
Date of publication, distribution, etc. 1934.
300 ## - PHYSICAL DESCRIPTION
Extent 93 էջ ;
Dimensions 17 սմ.
650 10 - SUBJECT ADDED ENTRY--TOPICAL TERM
Topical term or geographic name entry element Լենինի աշխատությունները
9 (RLIN) 5106
700 1# - ADDED ENTRY--PERSONAL NAME
Personal name Աբովյան, Լևոն Վարդանի
Dates associated with a name 1885-1951
Relator term թարգմ.
Relationship trl
9 (RLIN) 395
700 1# - ADDED ENTRY--PERSONAL NAME
Personal name Ադոյան, Ադո Գրիգորի,
Dates associated with a name 1905-1988
Relator term թարգմ.
Relationship trl
9 (RLIN) 2497
942 ## - ADDED ENTRY ELEMENTS (KOHA)
Source of classification or shelving scheme Universal Decimal Classification
Koha item type Գրքեր / Books
Holdings
Withdrawn status Lost status Damaged status Not for loan Collection Home library Current library Date acquired Cost, normal purchase price Total checkouts Full call number Barcode Date last seen Price effective from Koha item type Public note
        General Fundamental Scientific Library Fundamental Scientific Library 28/12/2016 60.00   AI/8249 FL0045065 28/12/2016 28/12/2016 Գրքեր / Books 30 Days Loan
        General Fundamental Scientific Library Fundamental Scientific Library 28/12/2016 60.00   AI/8250 FL0045066 28/12/2016 28/12/2016 Գրքեր / Books 30 Days Loan


ՀՀ ԳԱԱ հիմնարար գիտական գրադարան
ՀՀ,Երևան 0019
Մարշալ Բաղրամյան 24/6
հեռախոս:(374-10) 52-47-50
Հետադարձ կապ

All site content, except where otherwise noted, is licensed under a
Creative Commons License